Etiqueta de registo: 00254nam 2200025 450
001 2226924
003 http://id.bnportugal.gov.pt/bib/catbnp/2226924
100 ## $a20250923d2025 k y0pory01030103ba
101 0# $apor$deng
102 ## $aPT
105 ## $aa m 000yy
106 ## $ar
200 1# $a O Supremo Tribunal de Justiça (1974-2024)$fAna Catarina Braz dos Santos$gorient. Pedro Tavares de Almeida
210 #9 $aLisboa$c[s.n.],$d2025
215 ## $a379 p.$cil.$d30 cm
328 #1 $aTese dout. Ciência Política, Faculdade de Ciências Sociais e Humanas, Universidade
Nova de Lisboa, 2025
675 ## $a347.99(469)"1974/2024"(043)$vBN$zpor$31967544
675 ## $a342.56(469)"1974/2024"(043)$vBN$zpor$31967548
675 ## $a347.96A/Z(=1:469)"1974/2024"(043)$vBN$zpor$31967543
700 #1 $92$aSantos,$bAna Catarina$31967210
702 #1 $aAlmeida,$bPedro Tavares de,$f1956-$4727$324313
801 #0 $aPT$bBN$gRPC
966 ## $lBN$mFGMON$sS.C. 167617 V.$x1
971 ## $ccsilva$d20250923
973 ## $cacosta$d20250925
975 ## $e0$d20251015$viquintas
Etiqueta de registo: 00254nam 2200025 450
001 2285860
003 http://id.bnportugal.gov.pt/bib/catbnp/2285860
010 ## $a978-989-40-3070-6
021 ## $aPT$b561375/26
100 ## $a20260506d2026 m y0pory01030103ba
101 0# $apor
102 ## $aPT
105 ## $ay v 000yy
106 ## $ar
200 1# $a O Supremo Tribunal de Justiça (1974-2024)$fAna Catarina Santos
210 #9 $aCoimbra$cAlmedina,$d2026
215 ## $a356 p.$d23 cm
675 ## $a347.99(469)"1974/2024"$vBN$zpor$32000521
675 ## $a342.56(469)"1974/2024"$vBN$zpor$32000522
675 ## $a347.96A/Z(=1:469)"1974/2024"$vBN$zpor$32000523
700 #1 $92$aSantos,$bAna Catarina$31967210
801 #0 $aPT$bBN$gRPC
856 41 $uhttp://rnod.bnportugal.gov.pt/ImagesBN/winlibimg.aspx?skey=&doc=2285860&img=223343&save=true
900 ## $aBIBNAC$d20260629
966 ## $lBN$mFGMON$sS.C. 169353 V.$x1
966 ## $lBN$mFGMON$sS.C. 169353 V.-D$x1
971 ## $casantos$d20260506
973 ## $cmlsousa$d20260612
975 ## $e0$d20260629$viquintas